| 000 -LEADER |
| fixed length control field |
03107cam a2200481Ma 4500 |
| 001 - CONTROL NUMBER |
| control field |
11410226 |
| 003 - CONTROL NUMBER IDENTIFIER |
| control field |
USPCAS-E |
| 005 - DATE AND TIME OF LATEST TRANSACTION |
| control field |
20180118181421.0 |
| 006 - FIXED-LENGTH DATA ELEMENTS--ADDITIONAL MATERIAL CHARACTERISTICS |
| fixed length control field |
m o d |
| 007 - PHYSICAL DESCRIPTION FIXED FIELD--GENERAL INFORMATION |
| fixed length control field |
cr ||||||||||| |
| 008 - FIXED-LENGTH DATA ELEMENTS--GENERAL INFORMATION |
| fixed length control field |
140303s2014 ne a o 001 0 eng d |
| 015 ## - NATIONAL BIBLIOGRAPHY NUMBER |
| National bibliography number |
GBB426661 |
| Source |
bnb |
| 015 ## - NATIONAL BIBLIOGRAPHY NUMBER |
| National bibliography number |
GBB440949 |
| Source |
bnb |
| 016 7# - NATIONAL BIBLIOGRAPHIC AGENCY CONTROL NUMBER |
| Record control number |
016645408 |
| Source |
Uk |
| 016 7# - NATIONAL BIBLIOGRAPHIC AGENCY CONTROL NUMBER |
| Record control number |
016688319 |
| Source |
Uk |
| 020 ## - INTERNATIONAL STANDARD BOOK NUMBER |
| International Standard Book Number |
9780080983301 |
| 020 ## - INTERNATIONAL STANDARD BOOK NUMBER |
| International Standard Book Number |
0080983308 |
| 020 ## - INTERNATIONAL STANDARD BOOK NUMBER |
| International Standard Book Number |
9780080983363 |
| 020 ## - INTERNATIONAL STANDARD BOOK NUMBER |
| International Standard Book Number |
0080983367 |
| 020 ## - INTERNATIONAL STANDARD BOOK NUMBER |
| Canceled/invalid ISBN |
9781306540797 |
| 020 ## - INTERNATIONAL STANDARD BOOK NUMBER |
| Canceled/invalid ISBN |
1306540798 |
| 035 ## - SYSTEM CONTROL NUMBER |
| System control number |
(OCoLC)ocn872739599 |
| 035 ## - SYSTEM CONTROL NUMBER |
| System control number |
(OCoLC)872739599 |
| 035 ## - SYSTEM CONTROL NUMBER |
| System control number |
(NNC)11410226 |
| 037 ## - SOURCE OF ACQUISITION |
| Stock number |
D37C8B45-4551-477C-BAEE-773D8739C96B |
| Source of stock number/acquisition |
OverDrive, Inc. |
| Note |
http://www.overdrive.com |
| 040 ## - CATALOGING SOURCE |
| Original cataloging agency |
UKMGB |
| Language of cataloging |
eng |
| Transcribing agency |
UKMGB |
| Modifying agency |
OCLCO |
| -- |
IDEBK |
| -- |
OPELS |
| -- |
CDX |
| -- |
COO |
| -- |
OCLCF |
| -- |
B24X7 |
| -- |
YDXCP |
| -- |
TEFOD |
| 050 #4 - LIBRARY OF CONGRESS CALL NUMBER |
| Classification number |
TK1001 |
| 082 04 - DEWEY DECIMAL CLASSIFICATION NUMBER |
| Classification number |
621.3121 |
| Edition number |
23 |
| Author Mark |
BRE-P 2014 |
| 100 1# - MAIN ENTRY--PERSONAL NAME |
| Personal name |
Breeze, Paul A., |
| Relator term |
author. |
| 245 10 - TITLE STATEMENT |
| Title |
Power generation technologies |
| Statement of responsibility, etc. |
by Paul Breeze. |
| 250 ## - EDITION STATEMENT |
| Edition statement |
Second edition. |
| 263 ## - PROJECTED PUBLICATION DATE |
| Projected publication date |
201405 |
| 300 ## - PHYSICAL DESCRIPTION |
| Extent |
1 online resource. |
| 500 ## - GENERAL NOTE |
| General note |
Includes index. |
| 502 ## - DISSERTATION NOTE |
| Dissertation note |
. |
| 520 ## - SUMMARY, ETC. |
| Summary, etc. |
The new edition of Power Generation Technologies is a concise and readable guide that provides an introduction to the full spectrum of currently available power generation options, from traditional fossil fuels and the better established alternatives such as wind and solar power, to emerging renewables such as biomass and geothermal energy. Technology solutions such as combined heat and power and distributed generation are also explored. However, this book is more than just an account of the technologies - for each method the author explores the economic and environmental costs and risk factors. Each technology is covered using the same basic criteria so that comparisons between technologies can be made more easily. Those involved in planning and delivering energy - including engineers, managers and policy makers - will find in this book a guide through the minefield of maintaining a reliable power supply, meeting targets on greenhouse gas emissions, and addressing economic and social objectives. Provides a unique comparison of a wide range of power generation technologies from oil, coal, nuclear and natural gas, to geothermal, wind, solar, and bioenergyHundreds of diagrams demystify how each technology functions in practiceEvaluates the economic and environmental viability of each power generation system covered NEW TO THIS EDITION: New chapters covering fast-advancing renewable and alternative power sources such as municipal waste and concentrating solar plantsFresh focus the evolution of traditional technologies such as natural gas and "clean coal"Expanded coverage of distributed power generation and CHP (combined heat and power) technologies. |
| 650 #0 - SUBJECT ADDED ENTRY--TOPICAL TERM |
| Topical term or geographic name entry element |
Electric power production. |
| 650 #7 - SUBJECT ADDED ENTRY--TOPICAL TERM |
| Topical term or geographic name entry element |
Electric power production. |
| Source of heading or term |
fast |
| 655 #4 - INDEX TERM--GENRE/FORM |
| Genre/form data or focus term |
Electronic books. |
| 856 40 - ELECTRONIC LOCATION AND ACCESS |
| Uniform Resource Identifier |
<a href="http://www.columbia.edu/cgi-bin/cul/resolve?clio11410226">http://www.columbia.edu/cgi-bin/cul/resolve?clio11410226</a> |
| Public note |
ACADEMIC - Electrical & Power Engineering |
| 942 ## - ADDED ENTRY ELEMENTS (KOHA) |
| Source of classification or shelving scheme |
|
| Koha item type |
Book |